Marketingové pojetí výrobku a komunikace : sylaby /

Main Author: Velčovská, Šárka, 1971-
Corporate Author: Vysoká škola báňská - Technická univerzita Ostrava. Katedra marketingu a obchodu
Other Authors: Marhounová, Milada, 1948-
Language: Czech
Published: Ostrava : Vysoká škola báňská - Technická univerzita Ostrava, 2005
Edition: 1. vyd.
Physical Description: 44 s. : il. ; 29 cm
Book
Saved in:
LEADER 01735nam a2200433 a 4500
001 000769982
003 CZ BrMZK
005 20050607074022.0
007 ta
008 050411s2005 xr a erp 000 0 cze d
015 |a cnb001529325 
020 |a 80-248-0780-7  |q (brož.) 
035 |a (OCoLC)85141221 
040 |a BOA001  |b cze 
072 7 |a 339  |x Obchod  |2 Konspekt  |9 4 
072 7 |a 37.016  |x Učební osnovy. Vyučovací předměty. Učebnice  |2 Konspekt  |9 22 
080 |a 339.138  |2 MRF 
080 |a 658.62  |2 MRF 
080 |a 658.8:316.77  |2 MRF 
080 |a (075.8)  |2 MRF 
100 1 |a Velčovská, Šárka,  |d 1971-  |7 mzk2005279166  |4 aut 
245 1 0 |a Marketingové pojetí výrobku a komunikace :  |b sylaby /  |c Šárka Velčovská, Milada Marhounová 
250 |a 1. vyd. 
260 |a Ostrava :  |b Vysoká škola báňská - Technická univerzita Ostrava,  |c 2005 
300 |a 44 s. :  |b il. ;  |c 29 cm 
500 |a Nad názvem: Vysoká škola báňská - Technická univerzita Ostrava. Ekonomická fakulta. Katedra marketingu a obchodu. 
500 |a 50 výt. 
504 |a Obsahuje bibliografii 
521 8 |a Určeno pro posluchače 4. ročníku Ekonomické fakulty 
650 0 7 |a marketing  |7 ph115227  |2 czenas 
650 0 7 |a výrobky  |7 ph116699  |2 czenas 
650 0 7 |a marketingová komunikace  |7 ph115228  |2 czenas 
655 7 |a učebnice vysokých škol  |7 fd133772  |2 czenas 
700 1 |a Marhounová, Milada,  |d 1948-  |7 mzk2005279167  |4 aut 
710 2 |a Vysoká škola báňská - Technická univerzita Ostrava.  |b Katedra marketingu a obchodu  |7 kn20010709151 
910 |a BOA001  |b 3-1151.007 
990 |a BK 
991 |b 200506  |c NOV 
996 6 |b 2610248233  |c 3-1151.007  |l MZK  |r Sklad / do 1 hodiny  |n 4  |p p.v.  |w 000769982  |u 000010  |a 1  |e BOA001  |j MZK50  |s P